Проект № 4 трехкомнатного каменного жилого дома для индивидуальной застройки на Урале, в Сибири и на Дальнем Востоке: разработна государственныеми архитектурными мастерскими

Bibliographische Detailangaben
Weitere Verfasser: Щуко Ю. В. (составитель)
Sprache:Russisch
Veröffentlicht: Москва, Государственное архитектурное изд-во, 1946
Schlagworte:
Format: MixedMaterials Buch
KOHA link:https://koha.lib.tpu.ru/cgi-bin/koha/opac-detail.pl?biblionumber=275029

MARC

LEADER 00000nam0a2200000 4500
001 275029
005 20231101234802.0
035 |a (RuTPU)RU\TPU\book\298258 
090 |a 275029 
100 |a 20141111d1946 k y0rusy50 ca 
101 0 |a rus 
102 |a RU 
105 |a a z 000zy 
200 1 |a Проект № 4 трехкомнатного каменного жилого дома для индивидуальной застройки на Урале, в Сибири и на Дальнем Востоке   |e разработна государственныеми архитектурными мастерскими  |f сост. Ю. В. Щуко 
210 |a Москва  |c Государственное архитектурное изд-во  |d 1946 
215 |a 13 с.  |c ил. 
606 1 |a Жилые дома одноквартирные  |2 stltpush  |3 (RuTPU)RU\TPU\subj\11003  |9 37991 
610 1 |a жилищное строительство 
610 1 |a каменные здания 
610 1 |a индивидуальное строительство 
610 1 |a Сибирь 
610 1 |a Урал 
610 1 |a Дальний Восток 
610 1 |a проекты 
675 |a 728.3  |v 3 
702 1 |a Щуко  |b Ю. В.  |4 220 
801 1 |a RU  |b 63413507  |c 20141111 
801 2 |a RU  |b 63413507  |c 20150928  |g RCR 
942 |c BK